000 00387pab a2200157 454500
008 180718b2013 xxu||||| |||| 00| 0 eng d
100 _aSidhu, B.K.
245 _aIndia and the challenge of the melting article
260 _c2013
300 _ap.17-19.
362 _a27 Jul
650 _aArctic council
773 _aEconomic and Political Weekly
908 _aN
909 _a101349
999 _c101347
_d101347